000 00601nam a22002177a 4500
003 UA-OsUOA
001 114717
007 ta
008 20151123b un ||||| |||| 00| 0 ukr d
100 _aЛук"'янчук Г.
090 _a81
_bЛ84
942 _cSA
040 _aUA-OsUOA
_bukr
_cUA-OsUOA
_dUA-OsUOA
245 _aМовна складова гібридної війни
300 _aС.4
955 _a0
041 _aukr
080 _a81
773 0 _w114716
650 7 _a8 Мовознавство. Художня література. Літературознавство
_2UDC
999 _c400866
_d400866